| 000 | 00583nam a2200169 i 4500 | ||
|---|---|---|---|
| 001 | 95381 | ||
| 003 | ES-MaACL | ||
| 005 | 20230906181708.0 | ||
| 007 | t| | ||
| 008 | 050527s1963 sp ||||1| cat d | ||
| 100 | 1 |
_aLlaudo y Majoral, José. _972728 |
|
| 245 | 1 | 0 |
_aPics de mas de 2.000 metres _b: Pirineu catalá / _cJosep Llaudó i Majoral. |
| 260 |
_aBarcelona : _bRafael Dalmau, _c1963. |
||
| 300 |
_a80 p., 5 map. pleg. ; _c17 cm. |
||
| 500 | _aPrecede al tít.: Arxin Bibliografic Excursionista de la Unió Excursionista de Catalunya. | ||
| 852 |
_aES-MaACL _jC-24692 _bR.53210 |
||
| 999 |
_c95381 _d95381 |
||